[Event "4. Copenhagen Open Politiken Cup"]
[Site "Brndby"]
[Date "1982.??.??"]
[Round "4"]
[White "Berg, Klaus"]
[Black "Schneider, Lars Ake"]
[Result "0-1"]
[WhiteElo "2295"]
[BlackElo "2435"]
[PlyCount "62"]
[EventDate "1982.??.??"]
[EventType "swiss"]
[EventRounds "10"]
[EventCountry "DEN"]
[SourceDate "2004.01.01"]

1. Nf3 c5 2. c4 Nc6 3. Nc3 e5 4. e3 Nf6 5. d4 cxd4 6. exd4 e4 7. Nd2 Bb4 8. a3
Bxc3 9. bxc3 O-O 10. Be2 d5 11. O-O Re8 12. Bb2 Bf5 13. Re1 Rc8 14. Nf1 dxc4
15. Ne3 Be6 16. Bxc4 Bxc4 17. Nxc4 Nxd4 18. cxd4 Rxc4 19. d5 Nxd5 20. Qb3 Qc7
21. Rac1 Rxc1 22. Rxc1 Qb6 23. Qa4 Rd8 24. Bd4 Qh6 25. Rd1 a6 26. h3 Qe6 27.
Kh1 h6 28. Qb3 Nf4 29. Qg3 Ng6 30. Rd2 Qc4 31. Be3 Qc1+ 0-1

[Event "4. Copenhagen Open Politiken Cup"]
[Site "Brndby"]
[Date "1982.??.??"]
[Round "4"]
[White "Brinck Claussen, Bjorn"]
[Black "Johansen, Darryl Keith"]
[Result "1/2-1/2"]
[WhiteElo "2380"]
[BlackElo "2275"]
[PlyCount "78"]
[EventDate "1982.??.??"]
[EventType "swiss"]
[EventRounds "10"]
[EventCountry "DEN"]
[SourceDate "2004.01.01"]

1. d4 d5 2. c4 dxc4 3. Nf3 a6 4. e3 Bg4 5. Bxc4 e6 6. h3 Bh5 7. Nc3 Nf6 8. O-O
Nc6 9. Be2 Bd6 10. b3 Bg6 11. Bb2 Nd5 12. a3 O-O 13. b4 Nxc3 14. Bxc3 Qe7 15.
Qb3 e5 16. dxe5 Nxe5 17. Nxe5 Bxe5 18. Bxe5 Qxe5 19. Bf3 Be4 20. Bxe4 Qxe4 21.
Rac1 Qe7 22. Rc5 Rfd8 23. Qc3 Rd7 24. Rc1 c6 25. a4 Rad8 26. b5 axb5 27. axb5
Rd3 28. Qe5 Qxe5 29. Rxe5 Rd1+ 30. Rxd1 Rxd1+ 31. Kh2 Kf8 32. bxc6 bxc6 33. Rc5
Rd6 34. e4 Ke7 35. e5 Rd2 36. f4 Kd7 37. Kg3 g6 38. Kf3 h5 39. Rc3 Rd5 1/2-1/2

[Event "4. Copenhagen Open Politiken Cup"]
[Site "Brndby"]
[Date "1982.??.??"]
[Round "4"]
[White "Davies, Nigel"]
[Black "Thorsteins, Karl"]
[Result "1-0"]
[WhiteElo "2410"]
[BlackElo "2305"]
[PlyCount "65"]
[EventDate "1982.??.??"]
[EventType "swiss"]
[EventRounds "10"]
[EventCountry "DEN"]
[SourceDate "2004.01.01"]

1. d4 d6 2. Nf3 Nf6 3. Bg5 Nbd7 4. e3 h6 5. Bh4 g5 6. Bg3 Nh5 7. Nbd2 Bg7 8.
Bd3 e6 9. c3 Qe7 10. Qc2 b6 11. O-O-O Bb7 12. e4 c5 13. dxc5 dxc5 14. Bb5 Nxg3
15. hxg3 O-O-O 16. Nc4 Nf6 17. e5 Ne4 18. Rde1 g4 19. Rxe4 gxf3 20. gxf3 a6 21.
Nd6+ Rxd6 22. exd6 Qg5+ 23. f4 Qd5 24. Bd3 f5 25. Rh5 Rd8 26. Rxe6 Kb8 27. Re7
Bf6 28. Be4 Qxe4 29. Rxe4 Bxe4 30. Qd2 Bg7 31. f3 Bxf3 32. Rxf5 Bf8 33. Rxf8
1-0

[Event "4. Copenhagen Open Politiken Cup"]
[Site "Brndby"]
[Date "1982.??.??"]
[Round "4"]
[White "Ernst, Thomas"]
[Black "Cramling, Pia"]
[Result "1/2-1/2"]
[WhiteElo "2355"]
[BlackElo "2260"]
[PlyCount "138"]
[EventDate "1982.??.??"]
[EventType "swiss"]
[EventRounds "10"]
[EventCountry "DEN"]
[SourceDate "2004.01.01"]

1. e4 Nf6 2. e5 Nd5 3. d4 d6 4. Nf3 Bg4 5. Be2 c6 6. c4 Nc7 7. Ng5 Bf5 8. g4
Bxb1 9. Rxb1 dxe5 10. dxe5 Qxd1+ 11. Kxd1 h6 12. Ne4 Nd7 13. f4 g5 14. fxg5
Nxe5 15. Bf4 O-O-O+ 16. Kc2 Ng6 17. Be3 Ne6 18. Rbe1 Nh4 19. Bxa7 Ng2 20. Reg1
Ngf4 21. Bf1 Nxg5 22. Nc3 Bg7 23. Rg3 Nge6 24. h3 Bf6 25. Bg1 Bh4 26. Re3 Rd7
27. Ne4 Rhd8 28. Ra3 Kc7 29. Be3 Be1 30. Nc5 Rd6 31. Ra7 Rd2+ 32. Kb3 Nxc5+ 33.
Bxc5 R8d7 34. Bb4 Rd1 35. Be2 Nxe2 36. Rxe1 Rxe1 37. Bxe1 Rd3+ 38. Ka4 Rxh3 39.
Ra8 Nd4 40. Ba5+ b6 41. Ra7+ Kd6 42. Bxb6 Ne6 43. b4 Rc3 44. c5+ Kd5 45. Rd7+
Kc4 46. Bc7 f6 47. Rxe7 Nd4 48. Bf4 Nc2 49. Ka5 Ra3+ 50. Kb6 Rxa2 51. Bxh6 Rb2
52. Kxc6 Rxb4 53. Kd6 Nd4 54. Be3 Kd3 55. Bh6 Nb5+ 56. Kc6 Nc3 57. Rd7+ Kc2 58.
Bd2 Rxg4 59. Bxc3 Kxc3 60. Rf7 Rf4 61. Kd6 f5 62. c6 Rd4+ 63. Ke6 Rc4 64. Kd5
f4 65. Rh7 Rd4+ 66. Ke5 Rc4 67. Rh3+ Kd2 68. Kd5 Rxc6 69. Kxc6 Ke2 1/2-1/2

[Event "4. Copenhagen Open Politiken Cup"]
[Site "Brndby"]
[Date "1982.??.??"]
[Round "4"]
[White "Fedder, Steen"]
[Black "Kopec, Danny"]
[Result "1-0"]
[WhiteElo "2420"]
[BlackElo "2375"]
[PlyCount "85"]
[EventDate "1982.??.??"]
[EventType "swiss"]
[EventRounds "10"]
[EventCountry "DEN"]
[SourceDate "2004.01.01"]

1. d4 Nf6 2. c4 e6 3. Nf3 b6 4. Bg5 Bb4+ 5. Nc3 Bb7 6. Rc1 h6 7. Bh4 g5 8. Bg3
Ne4 9. Nd2 Bxc3 10. bxc3 Nxg3 11. hxg3 d6 12. e3 Nd7 13. Rh2 Qe7 14. Be2 f5 15.
Bf3 Bxf3 16. Qxf3 Kf7 17. g4 Kg6 18. gxf5+ exf5 19. g4 f4 20. Ke2 Rae8 21. Kd3
fxe3 22. fxe3 Rhf8 23. Rch1 Rh8 24. Ne4 Ref8 25. Qh3 Qh7 26. Ng3 Nf6 27. e4 Qd7
28. Nf5 Qe6 29. Qf3 h5 30. gxh5+ Kh7 31. Rf2 Rhg8 32. Rhf1 Nd7 33. Qg2 c6 34.
Qg3 Rf6 35. Qg4 d5 36. cxd5 cxd5 37. Ne3 dxe4+ 38. Qxe4+ Qxe4+ 39. Kxe4 Re6+
40. Kd3 Rd8 41. Ng4 Nc5+ 42. Kc2 Ne4 43. Re2 1-0

[Event "4. Copenhagen Open Politiken Cup"]
[Site "Brndby"]
[Date "1982.??.??"]
[Round "4"]
[White "Fries Nielsen, Jens Ove"]
[Black "Hartung Nielsen, Jens"]
[Result "1/2-1/2"]
[WhiteElo "2355"]
[BlackElo "2240"]
[PlyCount "63"]
[EventDate "1982.??.??"]
[EventType "swiss"]
[EventRounds "10"]
[EventCountry "DEN"]
[SourceDate "2004.01.01"]

1. d4 d5 2. c4 e6 3. Nc3 c5 4. cxd5 exd5 5. Nf3 Nc6 6. g3 c4 7. Bg2 Bb4 8. O-O
Nge7 9. Ne5 O-O 10. Nxc6 bxc6 11. Bd2 Bxc3 12. Bxc3 Bf5 13. b3 cxb3 14. axb3
Qb6 15. Ra3 Rfe8 16. Qd2 Rab8 17. Rfa1 Nc8 18. Qf4 Be4 19. Bh3 Rb7 20. b4 Bg6
21. Bf1 Re4 22. Qc1 Nd6 23. Ra6 Qc7 24. Bd2 Nc4 25. e3 Re7 26. Bxc4 dxc4 27.
Qxc4 Be4 28. Qe2 Bd5 29. f3 f5 30. Rc1 Qd7 31. Rc5 Rb5 32. Ra5 1/2-1/2

[Event "4. Copenhagen Open Politiken Cup"]
[Site "Brndby"]
[Date "1982.??.??"]
[Round "4"]
[White "Hazai, Laszlo"]
[Black "Akesson, Ralf"]
[Result "1/2-1/2"]
[WhiteElo "2450"]
[BlackElo "2405"]
[PlyCount "39"]
[EventDate "1982.??.??"]
[EventType "swiss"]
[EventRounds "10"]
[EventCountry "DEN"]
[SourceDate "2004.01.01"]

1. e4 c5 2. Nf3 d6 3. d4 cxd4 4. Nxd4 Nf6 5. Nc3 a6 6. Be3 e6 7. g4 h6 8. Qf3
Nc6 9. Rg1 Nxd4 10. Bxd4 e5 11. Be3 Be6 12. O-O-O Rc8 13. Nd5 Bxd5 14. exd5 g6
15. h4 Bg7 16. Kb1 Qa5 17. h5 e4 18. Qf4 O-O 19. c4 Qb4 20. Bd4 1/2-1/2

[Event "4. Copenhagen Open Politiken Cup"]
[Site "Brndby"]
[Date "1982.??.??"]
[Round "4"]
[White "Hjartarson, Johann"]
[Black "Jensen, Allan Astrup"]
[Result "1-0"]
[WhiteElo "2425"]
[BlackElo "2245"]
[PlyCount "61"]
[EventDate "1982.??.??"]
[EventType "swiss"]
[EventRounds "10"]
[EventCountry "DEN"]
[SourceDate "2004.01.01"]

1. d4 d5 2. c4 e6 3. Nc3 c5 4. cxd5 exd5 5. Nf3 Nc6 6. g3 Nf6 7. Bg2 cxd4 8.
Nxd4 Bc5 9. Nb3 Bb6 10. O-O Be6 11. Na4 O-O 12. Nxb6 axb6 13. Nd4 Qd6 14. b3
Rfe8 15. h3 Qe5 16. Bb2 Bd7 17. e3 h5 18. Qf3 Nb4 19. Qe2 Qe7 20. a3 Nc6 21.
Rfd1 h4 22. g4 Ne4 23. Nf3 Be6 24. Rac1 Rad8 25. Qb5 Rd6 26. a4 Bxg4 27. hxg4
Nxf2 28. Kxf2 Qxe3+ 29. Kf1 h3 30. Re1 hxg2+ 31. Kxg2 1-0

[Event "4. Copenhagen Open Politiken Cup"]
[Site "Brndby"]
[Date "1982.??.??"]
[Round "4"]
[White "Hoi, Carsten"]
[Black "Hansen, Curt"]
[Result "1-0"]
[WhiteElo "2425"]
[BlackElo "2335"]
[PlyCount "83"]
[EventDate "1982.??.??"]
[EventType "swiss"]
[EventRounds "10"]
[EventCountry "DEN"]
[SourceDate "2004.01.01"]

1. d4 Nf6 2. Nc3 d5 3. Bg5 c6 4. Bxf6 gxf6 5. e4 dxe4 6. Nxe4 Qb6 7. Nf3 Bf5 8.
Bd3 Nd7 9. O-O e6 10. c3 O-O-O 11. b4 Rg8 12. Ng3 Bxd3 13. Qxd3 Ne5 14. Nxe5
fxe5 15. Qf3 exd4 16. Qxf7 Rg6 17. cxd4 Qxd4 18. Rad1 Qxd1 19. Rxd1 Rxd1+ 20.
Nf1 Bxb4 21. Qxh7 Rf6 22. Qc2 Rd4 23. g3 Ba5 24. Kg2 Rd7 25. f4 Rf5 26. Qe4 Rc5
27. Qxe6 Rc2+ 28. Kh3 Bb6 29. Ne3 Bxe3 30. Qxe3 Rxa2 31. f5 Ra5 32. g4 Rad5 33.
Qe8+ Kc7 34. f6 Rd3+ 35. Kh4 Rf3 36. Qe5+ Kb6 37. Qb2+ Kc7 38. g5 c5 39. Qe5+
Kb6 40. Qe6+ Kc7 41. Qe5+ Kb6 42. g6 1-0

[Event "4. Copenhagen Open Politiken Cup"]
[Site "Brndby"]
[Date "1982.??.??"]
[Round "4"]
[White "Horvath, Tamas"]
[Black "Pliester, Leon"]
[Result "1/2-1/2"]
[WhiteElo "2400"]
[BlackElo "2315"]
[PlyCount "145"]
[EventDate "1982.??.??"]
[EventType "swiss"]
[EventRounds "10"]
[EventCountry "DEN"]
[SourceDate "2004.01.01"]

1. Nf3 d5 2. g3 c5 3. Bg2 Nf6 4. c4 d4 5. O-O Nc6 6. d3 e5 7. Na3 Bd6 8. Nc2
O-O 9. a3 a5 10. b3 h6 11. e4 dxe3 12. Nxe3 Bc7 13. Bb2 Be6 14. Re1 Re8 15. Qc2
Qd7 16. Nd2 a4 17. Ne4 Nxe4 18. dxe4 axb3 19. Qxb3 Nd4 20. Bxd4 exd4 21. Nd5
Ba5 22. Reb1 Bxd5 23. cxd5 Rec8 24. Bf1 Bc3 25. Ra2 Qg4 26. Qc2 Re8 27. Rxb7
Rxe4 28. d6 Re1 29. Kg2 Qe6 30. Qb3 Qxb3 31. Rxb3 Rd8 32. Rb5 Re5 33. Re2 Rd5
34. Re7 d3 35. d7 Kf8 36. Re3 d2 37. Be2 Bf6 38. Re8+ Rxe8 39. dxe8=Q+ Kxe8 40.
Bd1 Kd7 41. Rb7+ Ke8 42. Kf3 c4 43. Rc7 c3 44. Ke2 g5 45. Ba4+ Kf8 46. Bb3 Re5+
47. Kd3 Re6 48. Bd1 Rd6+ 49. Kc2 Rb6 50. a4 Be5 51. Rc5 Bg7 52. Rb5 Rc6 53.
Rb8+ Ke7 54. Rb7+ Ke8 55. Bh5 Bd4 56. Bxf7+ Kd8 57. Rb8+ Kc7 58. Rb4 Bxf2 59.
Rc4 Bb6 60. Rxc6+ Kxc6 61. Bh5 Ba5 62. h4 Kc5 63. hxg5 hxg5 64. Kd3 Kb4 65. Bd1
Ka3 66. Kc2 Kxa4 67. Kd3+ Ka3 68. Kc2 Kb4 69. Kd3 Bc7 70. g4 Ba5 71. Bc2 Kc5
72. Bb3 Kd6 73. Kd4 1/2-1/2

[Event "4. Copenhagen Open Politiken Cup"]
[Site "Brndby"]
[Date "1982.??.??"]
[Round "4"]
[White "Iskov, Gert"]
[Black "Gallmeyer, Peter"]
[Result "1/2-1/2"]
[WhiteElo "2380"]
[BlackElo "2225"]
[PlyCount "66"]
[EventDate "1982.??.??"]
[EventType "swiss"]
[EventRounds "10"]
[EventCountry "DEN"]
[SourceDate "2004.01.01"]

1. Nf3 Nf6 2. g3 g6 3. Bg2 Bg7 4. c4 d5 5. cxd5 Nxd5 6. d4 Nb6 7. O-O Nc6 8. e3
O-O 9. Nc3 e5 10. d5 Ne7 11. e4 Bg4 12. Qb3 c6 13. Nh4 cxd5 14. exd5 Nec8 15.
a4 Nd6 16. a5 Nbc4 17. Qb4 b6 18. a6 Rc8 19. h3 Bf5 20. b3 Bd3 21. bxc4 Rxc4
22. Qa3 e4 23. Bf4 Rxc3 24. Qxd6 Bxf1 25. Qxd8 Rxd8 26. Rxf1 f5 27. Rd1 Bf6 28.
Bd2 Rd3 29. Bf1 Rd4 30. Ng2 R8xd5 31. Ne3 Rd8 32. Bc3 Rxd1 33. Nxd1 Bxc3
1/2-1/2

[Event "4. Copenhagen Open Politiken Cup"]
[Site "Brndby"]
[Date "1982.??.??"]
[Round "4"]
[White "Jacobsen, Bo"]
[Black "Jahr, Ulrich"]
[Result "1-0"]
[WhiteElo "2315"]
[BlackElo "2240"]
[PlyCount "59"]
[EventDate "1982.??.??"]
[EventType "swiss"]
[EventRounds "10"]
[EventCountry "DEN"]
[SourceDate "2004.01.01"]

1. c4 f5 2. g3 Nf6 3. Bg2 g6 4. Nc3 Bg7 5. e3 O-O 6. Nge2 e5 7. d4 e4 8. f3
exf3 9. Bxf3 Nc6 10. O-O d6 11. a3 a5 12. Qd3 Qe7 13. Nf4 Be6 14. Nxe6 Qxe6 15.
Bd5 Nxd5 16. cxd5 Qf6 17. dxc6 bxc6 18. Bd2 Rae8 19. b4 axb4 20. axb4 h5 21.
Ra6 h4 22. Rxc6 hxg3 23. hxg3 Rf7 24. Qc4 Qg5 25. Kg2 Qe7 26. Rf3 Kf8 27. Nd5
Qe4 28. Nf4 Ra8 29. Qe6 Kg8 30. Rxc7 1-0

[Event "4. Copenhagen Open Politiken Cup"]
[Site "Brndby"]
[Date "1982.??.??"]
[Round "4"]
[White "Jensen, Vagn"]
[Black "Trepp, Markus"]
[Result "1/2-1/2"]
[WhiteElo "2220"]
[BlackElo "2210"]
[PlyCount "91"]
[EventDate "1982.??.??"]
[EventType "swiss"]
[EventRounds "10"]
[EventCountry "DEN"]
[SourceDate "2004.01.01"]

1. e4 c5 2. d4 cxd4 3. c3 Nf6 4. e5 Nd5 5. Bc4 Qc7 6. Qe2 Nb6 7. Bd3 Nc6 8. Nf3
d6 9. exd6 Qxd6 10. Nxd4 Nxd4 11. cxd4 e6 12. O-O Be7 13. Rd1 O-O 14. Nc3 Nd5
15. Qf3 Qd8 16. Be4 Nxc3 17. bxc3 Bd6 18. Rb1 Rb8 19. c4 b6 20. c5 Bc7 21. d5
f5 22. Bc2 bxc5 23. Rxb8 Bxb8 24. dxe6 Qf6 25. Qxf5 Qxf5 26. Bxf5 Re8 27. Re1
Bd6 28. g3 c4 29. Bd2 Bb7 30. Be4 Bxe4 31. Rxe4 Rc8 32. Bc3 a5 33. Bxa5 c3 34.
Bxc3 Rxc3 35. e7 Bxe7 36. Rxe7 Ra3 37. Re2 Kf7 38. Kf1 Kf6 39. Ke1 g5 40. h3 h5
41. f3 Kf5 42. Kf2 Ra4 43. g4+ hxg4 44. hxg4+ Kf6 45. Kg3 Ra3 46. Kf2 1/2-1/2

[Event "4. Copenhagen Open Politiken Cup"]
[Site "Brndby"]
[Date "1982.??.??"]
[Round "4"]
[White "Kirov, Nino"]
[Black "Hvenekilde, Jorgen"]
[Result "1-0"]
[WhiteElo "2430"]
[BlackElo "2285"]
[PlyCount "85"]
[EventDate "1982.??.??"]
[EventType "swiss"]
[EventRounds "10"]
[EventCountry "DEN"]
[SourceDate "2004.01.01"]

1. Nf3 Nf6 2. g3 g6 3. Bg2 Bg7 4. O-O O-O 5. d4 d6 6. c4 Nc6 7. d5 Na5 8. Nfd2
c6 9. a3 cxd5 10. cxd5 b5 11. b4 Nc4 12. Nxc4 bxc4 13. Bb2 a5 14. b5 a4 15. Bd4
Qa5 16. Nc3 Bd7 17. Rb1 Rfb8 18. Rb4 Qd8 19. Qd2 Ra5 20. Rfb1 e5 21. dxe6 fxe6
22. Rxc4 e5 23. Be3 Bf5 24. Rd1 d5 25. Bxd5+ Nxd5 26. Bg5 Qf8 27. Qxd5+ Kh8 28.
Bd8 Raa8 29. Bc7 Re8 30. Bd6 Qf6 31. Rxa4 Rad8 32. Ra6 e4 33. Rc6 Bd7 34. Bc7
Bxc6 35. Bxd8 Qxc3 36. bxc6 e3 37. Bb6 exf2+ 38. Bxf2 h5 39. Bd4 Qxa3 40. Bxg7+
Kxg7 41. Qd7+ Re7 42. Qxe7+ Qxe7 43. Rd7 1-0

[Event "4. Copenhagen Open Politiken Cup"]
[Site "Brndby"]
[Date "1982.??.??"]
[Round "4"]
[White "Kraehenbuehl, Gerhard"]
[Black "Ravikumar, Vaidyanathan"]
[Result "0-1"]
[WhiteElo "2305"]
[BlackElo "2395"]
[PlyCount "66"]
[EventDate "1982.??.??"]
[EventType "swiss"]
[EventRounds "10"]
[EventCountry "DEN"]
[SourceDate "2004.01.01"]

1. c4 c6 2. Nc3 d5 3. d4 Nf6 4. Nf3 dxc4 5. e4 b5 6. e5 Nd5 7. a4 e6 8. Bd2 Bb7
9. Be2 Be7 10. h4 a6 11. Ng5 Nd7 12. Bh5 g6 13. Bg4 Qb6 14. Bxe6 fxe6 15. Nxe6
c5 16. Qg4 cxd4 17. Ng7+ Kf7 18. Nxd5 Bxd5 19. Bg5 Bxg5 20. Qxd7+ Be7 21. Qxd5+
Kxg7 22. h5 Rhf8 23. axb5 d3 24. O-O Qxb5 25. Qe6 Bc5 26. Kh1 Rae8 27. h6+ Kxh6
28. Qh3+ Kg7 29. f4 Rf5 30. g4 Qb7+ 31. Kh2 Qxb2+ 32. Kg3 Rf7 33. Rab1 Bf2+ 0-1

[Event "4. Copenhagen Open Politiken Cup"]
[Site "Brndby"]
[Date "1982.??.??"]
[Round "4"]
[White "Sahl, Bjarke"]
[Black "Brondum, Eric"]
[Result "1-0"]
[WhiteElo "2380"]
[BlackElo "2275"]
[PlyCount "75"]
[EventDate "1982.??.??"]
[EventType "swiss"]
[EventRounds "10"]
[EventCountry "DEN"]
[SourceDate "2004.01.01"]

1. c4 Nf6 2. Nc3 g6 3. g3 Bg7 4. Bg2 d6 5. Rb1 O-O 6. e3 e5 7. Nge2 a5 8. O-O
Nc6 9. d3 Be6 10. Nd5 Bd7 11. Nec3 Nxd5 12. Nxd5 f5 13. Bd2 Kh8 14. a3 Rb8 15.
Qe1 b6 16. f4 Ne7 17. Bc3 Nxd5 18. Bxd5 a4 19. Bg2 Qe7 20. Qd2 b5 21. fxe5 Bxe5
22. c5 dxc5 23. d4 cxd4 24. exd4 Bg7 25. Rbc1 Rfe8 26. d5 Rbc8 27. Rc2 Bxc3 28.
Qxc3+ Kg8 29. Rfc1 Qd6 30. Qd4 Kf7 31. Rc5 Re5 32. Bf3 h5 33. Kg2 Ree8 34. Kf2
Re5 35. Rc6 Bxc6 36. Rxc6 Qe7 37. d6 Qf6 38. d7 1-0

[Event "4. Copenhagen Open Politiken Cup"]
[Site "Brndby"]
[Date "1982.??.??"]
[Round "4"]
[White "Laird, Craig"]
[Black "Boehm, Jurgen"]
[Result "1-0"]
[WhiteElo "2340"]
[BlackElo "2250"]
[PlyCount "112"]
[EventDate "1982.??.??"]
[EventType "swiss"]
[EventRounds "10"]
[EventCountry "DEN"]
[SourceDate "2004.01.01"]

1. d4 d5 2. Nf3 Nf6 3. g3 Nc6 4. Bg2 Bf5 5. O-O e6 6. c4 dxc4 7. Nc3 Nd5 8. Nh4
Bg4 9. h3 Bh5 10. Nxd5 exd5 11. b3 c3 12. Qd3 Be7 13. Nf5 O-O 14. Nxe7+ Qxe7
15. e3 Bg6 16. Qxc3 Be4 17. f3 Bg6 18. Bd2 a5 19. Rfc1 Qa3 20. Qc5 Qb2 21. Bc3
Qe2 22. Re1 Qc2 23. Bf1 Qf5 24. Kg2 Rfd8 25. a3 Rd6 26. e4 dxe4 27. Qxf5 Bxf5
28. fxe4 Bg6 29. Rad1 a4 30. b4 Re8 31. e5 Rdd8 32. Bb5 Bc2 33. Rd2 Bb3 34. Kf2
Rd5 35. Be2 Ne7 36. Bf3 Rb5 37. Bb2 c6 38. Rf1 Rd8 39. Ke1 Bc4 40. Rff2 Bb3 41.
Be4 Ng6 42. h4 Nf8 43. Ke2 Ne6 44. Ke3 Nc7 45. g4 Nd5+ 46. Ke2 Nc7 47. Rh2 Ne6
48. Ke3 Nc7 49. Rdf2 Nd5+ 50. Ke2 Bc4+ 51. Kd2 Nc7 52. Bc2 Rxe5 53. Kc3 Bb3 54.
Bc1 Nb5+ 55. Kb2 Nxd4 56. Bf4 Red5 1-0

[Event "4. Copenhagen Open Politiken Cup"]
[Site "Brndby"]
[Date "1982.??.??"]
[Round "4"]
[White "Rind, Bruce"]
[Black "Cox, John J"]
[Result "1/2-1/2"]
[WhiteElo "2390"]
[BlackElo "2285"]
[PlyCount "154"]
[EventDate "1982.??.??"]
[EventType "swiss"]
[EventRounds "10"]
[EventCountry "DEN"]
[SourceDate "2004.01.01"]

1. Nf3 Nc6 2. c4 e5 3. Nc3 f5 4. d3 d6 5. g3 Nf6 6. Bg2 g6 7. Rb1 Bg7 8. b4 O-O
9. b5 Ne7 10. O-O h6 11. c5 g5 12. Qb3+ Kh8 13. Ba3 f4 14. cxd6 cxd6 15. Ne4
Ne8 16. Qb4 a5 17. Qb3 Bg4 18. Bb2 Qd7 19. Ned2 Qf5 20. Rbc1 Ng6 21. Qd5 Qd7
22. Qb3 d5 23. Rc5 Be6 24. Qc2 g4 25. Ne1 b6 26. Rc6 Rb8 27. a4 Ne7 28. Ba3
fxg3 29. hxg3 Nxc6 30. Bxf8 Bxf8 31. bxc6 Qd6 32. e4 d4 33. f4 Bg7 34. Nc4 Bxc4
35. Qxc4 Rc8 36. fxe5 Qxc6 37. Qxd4 Nc7 38. Qd6 Ne6 39. Rf7 Qc5+ 40. Qxc5 Rxc5
41. Ra7 Nd4 42. e6 Re5 43. Kf2 Bf6 44. Rd7 Rxe6 45. Ke3 Nb3 46. d4 Bg5+ 47. Ke2
Nc1+ 48. Kd1 Na2 49. e5 Nc3+ 50. Kc2 Ne2 51. Nd3 Nxg3 52. d5 Re8 53. e6 Nf5 54.
Be4 Nd4+ 55. Kd1 Nxe6 56. dxe6 Rxe6 57. Bf5 g3 58. Rh7+ Kg8 59. Bxe6+ Kxh7 60.
Ke2 h5 61. Kf3 h4 62. Bd7 Kg7 63. Bh3 Bd8 64. Ke4 Kf6 65. Kd5 Be7 66. Ne5 Kg5
67. Ke4 Bc5 68. Nf3+ Kh5 69. Kd5 Bf2 70. Kc6 Bc5 71. Kd5 Bf2 72. Kd6 b5 73.
axb5 a4 74. Kd5 a3 75. Nd2 a2 76. Nb3 Kg5 77. Ke4 Bb6 1/2-1/2

[Event "4. Copenhagen Open Politiken Cup"]
[Site "Brndby"]
[Date "1982.??.??"]
[Round "4"]
[White "Rosenlund, Thorbjorn"]
[Black "Carlsson, Gerner"]
[Result "1/2-1/2"]
[WhiteElo "2260"]
[BlackElo "2210"]
[PlyCount "81"]
[EventDate "1982.??.??"]
[EventType "swiss"]
[EventRounds "10"]
[EventCountry "DEN"]
[SourceDate "2004.01.01"]

1. d4 d5 2. Nf3 Nf6 3. c4 e6 4. Nc3 Be7 5. Bg5 O-O 6. e3 Nbd7 7. Qc2 c5 8. cxd5
Nxd5 9. Bxe7 Qxe7 10. Nxd5 exd5 11. dxc5 Nxc5 12. Be2 Be6 13. O-O Rac8 14. Qd2
Rfd8 15. Rac1 h6 16. Qd4 b6 17. b4 Ne4 18. Ba6 Rc7 19. Qd2 Rdd7 20. Bb5 Rxc1
21. Rxc1 Rc7 22. Bc6 Qd6 23. b5 a6 24. bxa6 Nc5 25. Bb5 Bc8 26. Rd1 Bxa6 27.
Bxa6 Nxa6 28. Nd4 Qb4 29. Qxb4 Nxb4 30. a3 Nd3 31. h4 Nb2 32. Rb1 Nc4 33. a4 h5
34. Rb5 Rd7 35. Ne2 g6 36. Nc3 d4 37. exd4 Rxd4 38. Rb4 Rxh4 39. g3 Rd4 40. Kh2
Kg7 41. Nb5 1/2-1/2

[Event "4. Copenhagen Open Politiken Cup"]
[Site "Brndby"]
[Date "1982.??.??"]
[Round "4"]
[White "Spassov, Liuben"]
[Black "Wiedenkeller, Michael"]
[Result "1/2-1/2"]
[WhiteElo "2410"]
[BlackElo "2320"]
[PlyCount "160"]
[EventDate "1982.??.??"]
[EventType "swiss"]
[EventRounds "10"]
[EventCountry "DEN"]
[SourceDate "2004.01.01"]

1. Nf3 Nf6 2. c4 b6 3. Nc3 Bb7 4. d4 e6 5. a3 d5 6. cxd5 exd5 7. g3 Be7 8. Qa4+
Qd7 9. Qxd7+ Kxd7 10. Bh3+ Kd8 11. Ne5 Rf8 12. Bf4 a6 13. O-O h6 14. Rac1 Bd6
15. Rfd1 Ke7 16. Bg2 g5 17. Be3 Nbd7 18. Nc4 Ne4 19. Nxd6 Kxd6 20. Nxe4+ dxe4
21. Bd2 a5 22. b4 Rfe8 23. bxa5 bxa5 24. e3 Bd5 25. Bh3 Nb6 26. Rc5 Nc4 27. Bf1
Nxd2 28. Rxd2 Bb3 29. Bb5 Reb8 30. Bc6 Ra6 31. Bxe4 a4 32. Rb2 Rab6 33. Kg2 Re8
34. f3 c6 35. g4 Reb8 36. Kg3 Bd5 37. Rxb6 Rxb6 38. Bc2 Bb3 39. Bd3 Be6 40. e4
Rb3 41. e5+ Ke7 42. Be4 Bd5 43. Bxd5 cxd5 44. Rxd5 Rxa3 45. Rd6 Rd3 46. Rxh6
Rxd4 47. Ra6 Rd5 48. h4 gxh4+ 49. Kxh4 Rxe5 50. f4 Re6 51. Rxa4 Kf6 52. Kh5 Re1
53. Ra6+ Kg7 54. f5 Re5 55. Kg5 Rb5 56. Ra4 Rc5 57. Kf4 Rc1 58. g5 Rf1+ 59. Kg4
Rg1+ 60. Kh5 Rh1+ 61. Rh4 Rg1 62. f6+ Kh7 63. Rh2 Rg3 64. Ra2 Rg1 65. Ra7 Rh1+
66. Kg4 Kg6 67. Ra8 Rg1+ 68. Kf4 Rf1+ 69. Ke5 Rf5+ 70. Ke4 Rxg5 71. Kf4 Rb5 72.
Ra6 Rf5+ 73. Kg4 Rb5 74. Kf4 Rb4+ 75. Kf3 Kf5 76. Ra5+ Kxf6 77. Rc5 Kg6 78. Ra5
f5 79. Ra8 Kg5 80. Rg8+ Kf6 1/2-1/2

[Event "4. Copenhagen Open Politiken Cup"]
[Site "Brndby"]
[Date "1982.??.??"]
[Round "4"]
[White "Sznapik, Aleksander"]
[Black "King, Daniel J"]
[Result "1-0"]
[WhiteElo "2440"]
[BlackElo "2365"]
[PlyCount "73"]
[EventDate "1982.??.??"]
[EventType "swiss"]
[EventRounds "10"]
[EventCountry "DEN"]
[SourceDate "2004.01.01"]

1. e4 c5 2. Nf3 Nc6 3. d4 cxd4 4. Nxd4 Nf6 5. Nc3 e5 6. Ndb5 d6 7. Bg5 a6 8.
Na3 b5 9. Nd5 Be7 10. Bxf6 Bxf6 11. c3 O-O 12. Nc2 Rb8 13. Be2 Bg5 14. O-O a5
15. b4 Be6 16. a4 bxa4 17. b5 Ne7 18. Nxe7+ Qxe7 19. c4 Qc7 20. Rxa4 Bd8 21.
Qd2 Qc5 22. Na1 Bb6 23. Nb3 Qc7 24. Nxa5 Ra8 25. Rfa1 f5 26. exf5 Bxf5 27. Nb3
Rxa4 28. Rxa4 Be6 29. Bf3 e4 30. Nd4 Bxc4 31. Bxe4 d5 32. Bf3 Re8 33. Ra1 Qc5
34. Re1 Qc8 35. Nc6 Kh8 36. Ne5 Qf5 37. Nxc4 1-0

[Event "4. Copenhagen Open Politiken Cup"]
[Site "Brndby"]
[Date "1982.??.??"]
[Round "4"]
[White "Taulbut, Shaun M"]
[Black "Kovacs, Laszlo"]
[Result "1/2-1/2"]
[WhiteElo "2435"]
[BlackElo "2340"]
[PlyCount "39"]
[EventDate "1982.??.??"]
[EventType "swiss"]
[EventRounds "10"]
[EventCountry "DEN"]
[SourceDate "2004.01.01"]

1. d4 d5 2. Nf3 Nf6 3. Bg5 e6 4. e3 Be7 5. Nbd2 c5 6. c3 Nc6 7. Bd3 b6 8. O-O
Bb7 9. Ne5 Nxe5 10. dxe5 Nd7 11. Bxe7 Qxe7 12. f4 f5 13. exf6 gxf6 14. Qa4 O-O
15. Bb5 Rf7 16. Rad1 a6 17. Bxd7 Qxd7 18. Qxd7 Rxd7 19. Ne4 Rf8 20. Ng3 1/2-1/2

[Event "4. Copenhagen Open Politiken Cup"]
[Site "Brndby"]
[Date "1982.??.??"]
[Round "4"]
[White "Van Mil, Johan"]
[Black "Sorensen, Henrik"]
[Result "0-1"]
[WhiteElo "2315"]
[BlackElo "2235"]
[PlyCount "62"]
[EventDate "1982.??.??"]
[EventType "swiss"]
[EventRounds "10"]
[EventCountry "DEN"]
[SourceDate "2004.01.01"]

1. e4 c6 2. d4 d5 3. Nd2 dxe4 4. Nxe4 Nf6 5. Nxf6+ gxf6 6. Nf3 Bg4 7. Be2 Qc7
8. Be3 Nd7 9. O-O O-O-O 10. c4 e6 11. d5 c5 12. h3 Bf5 13. Bd3 Bg6 14. Qc2 f5
15. Bg5 Re8 16. Rfe1 Bd6 17. Rad1 Rhg8 18. Bc1 Nf6 19. dxe6 fxe6 20. Ng5 Qc6
21. Be2 e5 22. Nf3 f4 23. Qd2 Bc7 24. Nh4 e4 25. Bg4+ Nxg4 26. hxg4 Bf7 27. f3
Bxc4 28. Nf5 Bd3 29. fxe4 c4 30. Qb4 Bb6+ 31. Kh1 Rxg4 0-1